北京地铁站(2024-Version) Beijing Metro System Station - Statistics

General Stats
  • This quiz has been taken 173 times
  • The average score is 252 of 492
Answer Stats
% Correct
13号线 | 2号线 | 4号线/大兴线 西直门
92%
1号线/八通线 天安门西
91%
1号线/八通线 天安门东
91%
13号线 | 2号线 | 首都机场线 东直门
91%
10号线 | 1号线/八通线 国贸
88%
1号线/八通线 | 4号线/大兴线 西单
86%
10号线 | 1号线/八通线 公主坟
83%
14号线 | 4号线/大兴线 北京南站
83%
1号线/八通线 | 5号线 东单
82%
16号线 | 4号线/大兴线 | 9号线 国家图书馆
82%
4号线/大兴线 北京大学东门
81%
1号线/八通线 | 8号线 王府井
80%
6号线 | S1线 苹果园
80%
7号线 | 9号线 北京西站
80%
1号线/八通线 | 9号线 军事博物馆
79%
1号线/八通线 | 7号线 环球度假区
79%
5号线 天通苑北
79%
5号线 天通苑
79%
5号线 天通苑南
79%
5号线 | 6号线 东四
79%
17号线 天通苑东
79%
1号线/八通线 | 2号线 复兴门
77%
2号线 北京站
77%
2号线 | 8号线 前门
77%
15号线 | 8号线 奥林匹克公园
76%
大兴机场线 大兴机场
76%
10号线 | 4号线/大兴线 海淀黄庄
75%
4号线/大兴线 动物园
75%
10号线 | 首都机场线 三元桥
75%
10号线 | 19号线 | 大兴机场线 草桥
75%
13号线 | 15号线 | 17号线 望京西
75%
14号线 | 15号线 望京
75%
14号线 望京南
75%
15号线 望京东
75%
1号线/八通线 四惠
74%
1号线/八通线 古城
73%
1号线/八通线 五棵松
73%
19号线 | 2号线 积水潭
73%
10号线 | 8号线 北土城
73%
10号线 金台夕照
73%
6号线 | 8号线 南锣鼓巷
72%
1号线/八通线 四惠东
71%
2号线 | 5号线 雍和宫
71%
2号线 东四十条
71%
昌平线 昌平
71%
4号线/大兴线 人民大学
70%
10号线 | 13号线 知春路
70%
1号线/八通线 八角游乐园
69%
1号线/八通线 | 2号线 建国门
69%
4号线/大兴线 安河桥北
69%
4号线/大兴线 西四
69%
10号线 | 5号线 | 亦庄线 宋家庄
69%
8号线 森林公园南门
69%
10号线 知春里
69%
13号线 五道口
69%
大兴机场线 大兴新城
69%
2号线 | 6号线 朝阳门
68%
10号线 | 昌平线 西土城
68%
13号线 | 昌平线 清河站
68%
15号线 清华东路西口
68%
16号线 | 1号线/八通线 木樨地
67%
4号线/大兴线 中关村
67%
19号线 | 4号线/大兴线 | 6号线 平安里
67%
5号线 | 首都机场线 北新桥
67%
11号线 | 6号线 | S1线 金安桥
67%
13号线 | 昌平线 西二旗
67%
1号线/八通线 八宝山
66%
1号线/八通线 传媒大学
66%
2号线 | 6号线 车公庄
66%
16号线 | 4号线/大兴线 西苑
66%
4号线/大兴线 灵境胡同
66%
4号线/大兴线 | 7号线 菜市口
66%
8号线 大红门南
66%
10号线 | 西郊线 巴沟
66%
10号线 大红门
66%
14号线 丽泽商务区
66%
西郊线 颐和园西门
66%
1号线/八通线 南礼士路
65%
1号线/八通线 | 7号线 花庄
65%
10号线 | 16号线 丰台站
65%
首都机场线 2号航站楼
65%
首都机场线 3号航站楼
65%
1号线/八通线 永安里
64%
4号线/大兴线 天宫院
64%
10号线 | 5号线 惠新西街南口
64%
8号线 回龙观东大街
64%
8号线 中国美术馆
64%
13号线 回龙观
64%
14号线 | 1号线/八通线 大望路
63%
2号线 | 5号线 崇文门
63%
19号线 | 4号线/大兴线 新宫
63%
7号线 | 8号线 珠市口
63%
10号线 亮马桥
63%
13号线 北苑
63%
15号线 | 昌平线 六道口
63%
西郊线 国家植物园
63%
西郊线 香山
63%
2号线 | 8号线 鼓楼大街
61%
2号线 | 4号线/大兴线 宣武门
61%
2号线 阜成门
61%
8号线 | 昌平线 朱辛庄
61%
15号线 俸伯
61%
19号线 牛街
61%
亦庄线 亦庄火车站
61%
昌平线 昌平西山口
61%
2号线 和平门
60%
2号线 长椿街
60%
5号线 惠新西街北口
60%
10号线 | 13号线 芍药居
60%
17号线 工人体育场
60%
10号线 | 6号线 呼家楼
59%
6号线 潞城
59%
13号线 上地
59%
5号线 灯市口
58%
13号线 | 8号线 霍营
58%
10号线 | 16号线 苏州街
58%
10号线 | 19号线 牡丹园
58%
11号线 新首钢
58%
1号线/八通线 高碑店
57%
4号线/大兴线 魏公村
57%
7号线 广渠门内
57%
7号线 广渠门外
57%
8号线 瀛海
57%
10号线 | 14号线 | 17号线 十里河
57%
11号线 模式口
57%
13号线 大钟寺
57%
17号线 未来科学城北
57%
17号线 未来科学城
57%
房山线/燕房线 良乡大学城北
57%
房山线/燕房线 良乡大学城
57%
房山线/燕房线 良乡大学城西
57%
昌平线 十三陵景区
57%
1号线/八通线 玉泉路
56%
4号线/大兴线 生物医药基地
56%
13号线 | 5号线 立水桥
56%
5号线 立水桥南
56%
8号线 奥体中心
56%
9号线 六里桥东
56%
10号线 | 9号线 六里桥
56%
15号线 顺义
56%
6号线 | 9号线 白石桥南
55%
7号线 焦化厂
55%
10号线 | 17号线 太阳宫
55%
10号线 团结湖
55%
房山线/燕房线 燕山
55%
4号线/大兴线 北宫门
54%
4号线/大兴线 新街口
54%
10号线 | 4号线/大兴线 角门西
54%
4号线/大兴线 西红门
54%
6号线 海淀五路居
54%
6号线 北海北
54%
10号线 | 7号线 双井
54%
8号线 金鱼胡同
54%
8号线 火箭万源
54%
9号线 | 房山线/燕房线 郭公庄
54%
10号线 劲松
54%
10号线 火器营
54%
14号线 善各庄
54%
昌平线 沙河
54%
2号线 安定门
53%
14号线 | 7号线 九龙山
53%
19号线 新发地
53%
1号线/八通线 万寿路
52%
1号线/八通线 梨园
52%
1号线/八通线 土桥
52%
15号线 | 5号线 大屯路东
52%
5号线 | 7号线 磁器口
52%
5号线 天坛东门
52%
14号线 | 6号线 金台路
52%
10号线 健德门
52%
10号线 安贞门
52%
10号线 农业展览馆
52%
4号线/大兴线 陶然亭
51%
6号线 通州北关
51%
8号线 什刹海
51%
10号线 首经贸
51%
14号线 北工大西门
51%
14号线 张郭庄
51%
16号线 北安河
51%
昌平线 生命科学园
51%
14号线 | 5号线 蒲黄榆
50%
7号线 广安门内
50%
7号线 欢乐谷景区
50%
昌平线 沙河高教园
50%
4号线/大兴线 马家堡
49%
6号线 车公庄西
49%
14号线 | 8号线 永定门外
49%
10号线 角门东
49%
14号线 | 19号线 景风门
49%
15号线 国展
49%
16号线 苏州桥
49%
16号线 玉渊潭东门
49%
1号线/八通线 果园
48%
1号线/八通线 九棵树
48%
4号线/大兴线 高米店北
48%
4号线/大兴线 高米店南
48%
6号线 青年路
48%
14号线 | 9号线 七里庄
48%
13号线 龙泽
48%
13号线 柳芳
48%
16号线 宛平城
48%
19号线 北太平庄
48%
昌平线 蓟门桥
48%
1号线/八通线 通州北苑
47%
4号线/大兴线 公益西桥
47%
8号线 天桥
47%
10号线 潘家园
47%
10号线 分钟寺
47%
10号线 泥洼
47%
10号线 西钓鱼台
47%
昌平线 学院桥
47%
4号线/大兴线 黄村火车站
46%
7号线 湾子
46%
9号线 白堆子
46%
10号线 成寿寺
46%
14号线 朝阳公园
46%
14号线 东管头
46%
16号线 马连洼
46%
亦庄线 小红门
46%
1号线/八通线 管庄
45%
10号线 | 6号线 慈寿寺
45%
6号线 十里堡
45%
17号线 次渠北
45%
17号线 | 亦庄线 次渠
45%
房山线/燕房线 阎村
45%
5号线 北苑路北
44%
5号线 张自忠路
44%
6号线 北运河西
44%
6号线 北运河东
44%
16号线 | 7号线 达官营
44%
16号线 | 9号线 丰台南路
44%
11号线 北辛安
44%
13号线 光熙门
44%
16号线 | 房山线/燕房线 东管头南
44%
17号线 左家庄
44%
17号线 嘉会湖
44%
19号线 太平桥
44%
房山线/燕房线 阎村东
44%
9号线 丰台科技园
43%
10号线 车道沟
43%
S1线 石厂
43%
1号线/八通线 双桥
42%
16号线 | 6号线 二里沟
42%
8号线 平西府
42%
8号线 林萃桥
42%
8号线 安德里北街
42%
10号线 | 14号线 西局
42%
14号线 来广营
42%
16号线 农大南路
42%
6号线 物资学院路
41%
8号线 安华桥
41%
10号线 长春桥
41%
14号线 园博园
41%
16号线 永丰
41%
16号线 永丰南
41%
4号线/大兴线 黄村西大街
40%
6号线 东大桥
40%
6号线 褡裢坡
40%
6号线 常营
40%
6号线 草房
40%
6号线 通运门
40%
8号线 西小口
40%
14号线 东风北桥
40%
16号线 稻香湖路
40%
亦庄T1线 | 亦庄线 荣昌东街
40%
S1线 上岸
40%
5号线 和平西桥
39%
5号线 和平里北街
39%
7号线 化工
39%
8号线 木樨园
39%
9号线 科怡路
39%
16号线 万泉河桥
39%
16号线 甘家口
39%
17号线 红军营
39%
昌平线 昌平东关
39%
昌平线 南邵
39%
5号线 刘家窑
38%
7号线 虎坊桥
38%
8号线 育知路
38%
8号线 东高地
38%
8号线 德茂
38%
10号线 纪家庙
38%
昌平线 巩华城
38%
6号线 花园桥
36%
7号线 百子湾
36%
10号线 莲花桥
36%
15号线 北沙滩
36%
15号线 崔各庄
36%
15号线 南法信
36%
16号线 西北旺
36%
房山线/燕房线 房山城关
36%
西郊线 茶棚
36%
1号线/八通线 临河里
35%
8号线 海户屯
35%
15号线 关庄
35%
15号线 后沙峪
35%
15号线 石门
35%
16号线 温阳路
35%
16号线 万寿寺
35%
1号线/八通线 八里桥
34%
6号线 杨庄
34%
6号线 田村
34%
6号线 黄渠
34%
7号线 桥湾
34%
7号线 垡头
34%
14号线 高家园
34%
14号线 将台
34%
14号线 陶然桥
34%
16号线 屯佃
34%
昌平线 学知园
34%
4号线/大兴线 义和庄
33%
10号线 石榴庄
33%
15号线 安立路
33%
15号线 孙河
33%
昌平线 清河小营桥
33%
4号线/大兴线 枣园
32%
8号线 永泰庄
32%
14号线 枣营
32%
14号线 菜户营
32%
17号线 西坝河
32%
房山线/燕房线 大葆台
32%
亦庄线 亦庄文化园
32%
亦庄线 次渠南
32%
昌平线 朱房北
32%
9号线 丰台东大街
31%
14号线 景泰
31%
15号线 花梨坎
31%
17号线 清河营
31%
17号线 北神树
31%
房山线/燕房线 长阳
31%
亦庄线 肖村
31%
亦庄线 荣京东街
31%
西郊线 万安
31%
6号线 西黄村
30%
6号线 东夏园
30%
8号线 五福堂
30%
14号线 阜通
30%
14号线 方庄
30%
16号线 榆树庄
30%
房山线/燕房线 稻田
30%
房山线/燕房线 良乡南关
30%
亦庄线 旧宫
30%
4号线/大兴线 清源路
29%
14号线 东湖渠
29%
15号线 马泉营
29%
16号线 红莲南路
29%
17号线 十八里店
29%
昌平线 北邵洼
29%
6号线 郝家府
28%
7号线 万盛西
28%
7号线 万盛东
28%
6号线 廖公庄
27%
7号线 大郊亭
27%
7号线 黄厂
27%
7号线 高楼金
27%
8号线 和义
27%
房山线/燕房线 白盆窑
27%
房山线/燕房线 紫草坞
27%
S1线 四道桥
27%
7号线 黑庄户
26%
14号线 西铁营
26%
房山线/燕房线 花乡东桥
26%
亦庄线 亦庄桥
26%
7号线 南楼梓庄
25%
7号线 群芳
25%
14号线 平乐园
25%
17号线 周家庄
25%
S1线 小园
25%
14号线 大井
24%
房山线/燕房线 苏庄
24%
房山线/燕房线 广阳城
23%
房山线/燕房线 星城
23%
14号线 郭庄子
22%
14号线 大瓦窑
22%
亦庄线 经海路
22%
亦庄T1线 定海园
22%
亦庄T1线 定海园西
22%
亦庄T1线 亦创会展中心
22%
7号线 双合
21%
16号线 看丹
21%
16号线 洪泰庄
21%
亦庄线 同济南路
20%
S1线 桥户营
20%
亦庄T1线 老观里
20%
房山线/燕房线 饶乐府
19%
房山线/燕房线 篱笆房
18%
亦庄T1线 屈庄
18%
亦庄线 万源街
17%
7号线 郎辛庄
16%
房山线/燕房线 马各庄
16%
16号线 富丰桥
14%
房山线/燕房线 大石河东
14%
S1线 栗园庄
13%
亦庄T1线 经海一路
11%
亦庄T1线 九号村
10%
亦庄T1线 鹿圈东
8%
亦庄T1线 四海庄
8%
亦庄T1线 亦庄同仁
6%
亦庄T1线 瑞合庄
5%
亦庄T1线 太和桥北
2%
亦庄T1线 融兴街
2%
亦庄T1线 泰河路
1%
No matching quizzes found
Score Distribution
Percent of People with Each Score
Percentile by Number Answered
Your Score History
You have not taken this quiz